| 000 | 00941nam a2200313Ia 4500 | ||
|---|---|---|---|
| 003 | OSt | ||
| 005 | 20220912144922.0 | ||
| 006 | a|||||r|||| 00| 0 | ||
| 007 | ta | ||
| 008 | 220909b |||||||| |||| 00| 0 eng d | ||
| 020 | _a9780745643380 (pbk) | ||
| 024 | _a95618 | ||
| 037 | _b00658, 17/02/2010, Total Books India | ||
| 037 | _cTextbook | ||
| 040 |
_aCSL _beng _cCSL |
||
| 041 | _aeng | ||
| 082 | _aY7:f, Q0 TY | ||
| 100 | _aBlaikie Norman | ||
| 245 | 0 | _aDesigning social research:a logic of anticipation | |
| 250 | _a2 | ||
| 260 |
_aCambridge _bPress Polity Press _c2010 |
||
| 300 |
_aix, 297p. _ccm. |
||
| 500 | _aAppendix 258-261p.; Bibliography 262-286p.; Index 287-297p. | ||
| 650 | _a Social research | ||
| 650 | _a Social research-designing | ||
| 650 | _aAnthropology | ||
| 942 |
_hY7:f, Q0 TY _cTB _2CC |
||
| 999 |
_c18994 _d18994 |
||